Ateismo / (Record no. 26905)
[ view plain ]
| 000 -LEADER | |
|---|---|
| campo de control de longitud fija | 00644nam a2200193 i 4500 |
| 001 - NÚMERO DE CONTROL | |
| campo de control | 26905 |
| 003 - IDENTIFICADOR DE NÚMERO DE CONTROL | |
| campo de control | ES-MaACL |
| 005 - FECHA Y HORA DE LA ÚLTIMA TRANSACCIÓN | |
| campo de control | 20230906153525.0 |
| 007 - CAMPO FIJO DE DESCRIPCIÓN FÍSICA--INFORMACIÓN GENERAL | |
| campo de control de longitud fija | t| |
| 008 - DATOS DE LONGITUD FIJA--INFORMACIÓN GENERAL | |
| campo de control de longitud fija | 030113s1969 sp ||||1| spa d |
| 245 00 - MENCIÓN DEL TÍTULO | |
| Título | Ateismo / |
| Mención de responsabilidad, etc. | Albert H. van den Heuvel... [et al.] ; [traducidos por Cecilio Sánchez Gil... Manuel Jiménez... José Rioja Gómez]. |
| 260 ## - PUBLICACIÓN, DISTRIBUCIÓN, ETC. | |
| Lugar de publicación, distribución, etc. | [Madrid] : |
| Nombre del editor, distribuidor, etc. | Taurus, |
| Fecha de publicación, distribución, etc. | [1969] |
| 300 ## - DESCRIPCIÓN FÍSICA | |
| Extensión | 237 p. ; |
| Dimensiones | 18 cm. |
| 700 1# - ENTRADA AGREGADA--NOMBRE PERSONAL | |
| Nombre de persona | Heuvel, Albert H. van den. |
| 9 (RLIN) | 63497 |
| 700 1# - ENTRADA AGREGADA--NOMBRE PERSONAL | |
| Nombre de persona | Sánchez Gil, Cecilio. |
| 9 (RLIN) | 102671 |
| 700 1# - ENTRADA AGREGADA--NOMBRE PERSONAL | |
| Nombre de persona | Jiménez, Manuel. |
| 9 (RLIN) | 66426 |
| 700 1# - ENTRADA AGREGADA--NOMBRE PERSONAL | |
| Nombre de persona | Rioja Gómez, José. |
| 9 (RLIN) | 97349 |
| 852 ## - LOCALIZACIÓN | |
| Ubicación | ES-MaACL |
| Número de control de estantería | C-52275 |
| Sublocalización o colección | R.71646 |
| Estatus retirado | Estado de pérdida | Estado de daño | No para préstamo | Biblioteca de origen | Biblioteca actual | Ubicación en estantería | Fecha de adquisición | Fuente de adquisición | Total de préstamos | Signatura topográfica completa | Código de barras | Visto por última vez | Precio de reemplazo | Tipo de ítem Koha |
|---|---|---|---|---|---|---|---|---|---|---|---|---|---|---|
| Biblioteca del Ateneo de Madrid | Biblioteca del Ateneo de Madrid | Depósito 2 | 17/01/2008 | C-52275 | 1027772 | 23/02/2023 | 23/02/2023 | Libro impreso |
